Reprezentacje europejskie co nie awansowały na mundial w Katarze - Statystyki

Ogólne statystyki
  • Ten quiz został rozwiązany 269 razy
    265 od ostatniego zresetowania
  • Średni wynik to 34 z 42
Statystyki odpowiedzi
Kraje % Poprawnych
Rosja
94%
Szwecja
92%
Czechy
91%
Ukraina
91%
Estonia
90%
Finlandia
90%
Litwa
90%
Łotwa
90%
Norwegia
90%
Słowacja
90%
Andora
89%
Białoruś
89%
Włochy
89%
Słowenia
88%
Albania
87%
Grecja
86%
Irlandia
86%
San Marino
86%
Macedonia Północna
83%
Rumunia
83%
Austria
82%
Bułgaria
82%
Luksemburg
82%
Turcja
82%
Islandia
81%
Liechtenstein
81%
Malta
81%
Węgry
81%
Czarnogóra
80%
Kosowo
80%
Szkocja
79%
Bośnia i Hercegowina
78%
Mołdawia
76%
Armenia
74%
Cypr
74%
Irlandia Północna
73%
Gruzja
72%
Azerbejdżan
65%
Kazachstan
62%
Izrael
58%
Gibraltar
56%
Wyspy Owcze
49%
Nie znaleziono quizów pasujących do podanych kryteriów
Rozkład punktacji
Procent ludzi z każdym wynikiem
Percentyl według liczby udzielonych odpowiedzi
Twoja historia wyników
Nie rozwiązałeś tego quizu od ostatniego zresetowania